Ali baba and the forty thieves (Record no. 614876)

000 -LEADER
fixed length control field 00240nam a22001097a 4500
020 ## - INTERNATIONAL STANDARD BOOK NUMBER
International Standard Book Number 9789695736081
082 ## - DEWEY DECIMAL CLASSIFICATION NUMBER
Classification number 398.2
Author Mark THI
245 ## - TITLE STATEMENT
Title Ali baba and the forty thieves
260 ## - PUBLICATION, DISTRIBUTION, ETC.
Place of publication, distribution, etc. Lahore:
Name of publisher, distributor, etc. JBD Press,
563 ## - BINDING INFORMATION
Binding note PB
942 ## - ADDED ENTRY ELEMENTS (KOHA)
Source of classification or shelving scheme
Koha item type Book
Holdings
Withdrawn status Lost status Source of classification or shelving scheme Damaged status Not for loan Permanent Location Current Location Shelving location Date acquired Source of acquisition Full call number Barcode Date last seen Price effective from Koha item type
          Central Library (CL) Central Library (CL) Children Section 09/25/2025 Donated by Children - Summer Camp, 2025. 398.2 THI CL-CS-23 09/25/2025 09/25/2025 Children Section
© 2023 Central Library, National University of Sciences and Technology. All Rights Reserved.